'-Stan' Countries Blitz Quiz Stats

 Plays Quiz Updated Jul 15, 2015

Score 0/7 Timer 00:30
6 Plays Today
Country % Correct
Pakistan
88.6%
Afghanistan
85.5%
Uzbekistan
79.3%
Turkmenistan
77.9%
Kazakhstan
76.8%
Tajikistan
71.1%
Kyrgyzstan
68.3%

You're not logged in!

Compare scores with friends on all Sporcle quizzes.
OR
Log In

Sporcle TV

Today on Sporcle TV


Watch our educational content, quiz creation guides, and fun videos on Sporcle TV.

Show Comments

Extras

Top Quizzes Today


Score Distribution

Your Account Isn't Verified!

In order to create a playlist on Sporcle, you need to verify the email address you used during registration. Go to your Sporcle Settings to finish the process.

Report this User

Report this user for behavior that violates our Community Guidelines.

Details: